Catálogo
 En Linea

Hacienda pública II : (Registro nro. 23021)

Detalles MARC
000 -CABECERA
campo de control de longitud fija 00900nam a2200265 a 4500
001 - NÚMERO DE CONTROL
campo de control 000023525
005 - FECHA Y HORA DE LA ÚLTIMA TRANSACCIÓN
campo de control 20240516203814.0
008 - DATOS DE LONGITUD FIJA--INFORMACIÓN GENERAL
campo de control de longitud fija 101210s1929 sp r 001 0 spa d
040 ## - FUENTE DE LA CATALOGACIÓN
Centro catalogador/agencia de origen DO-SdBNP
Lengua de catalogación spa
Centro/agencia transcriptor BNPHU
082 ## - NÚMERO DE LA CLASIFICACIÓN DECIMAL DEWEY
-- 336
Número de documento/Ítem V217h, 1929
049 ## - FONDOS LOCALES (OCLC)
Fondos de biblioteca BNGR
100 1# - ENTRADA PRINCIPAL--NOMBRE DE PERSONA
Nombre de persona Van der Borght, R.
9 (RLIN) 48489
245 10 - MENCIÓN DE TÍTULO
Título Hacienda pública II :
Resto del título parte especial /
Mención de responsabilidad, etc. R. Van Der Borght ; traducción Miguel Sancho Izquierdo , Manuel Sánchez Sarto.
250 ## - MENCIÓN DE EDICIÓN
Mención de edición 2a ed.
260 ## - PUBLICACIÓN, DISTRIBUCIÓN, ETC.
Lugar de publicación, distribución, etc. Barcelona :
Nombre del editor, distribuidor, etc. Labor,
Fecha de publicación, distribución, etc. 1929.
300 ## - DESCRIPCIÓN FÍSICA
Extensión 360 p. ;
Dimensiones 19 cm.
490 1# - MENCIÓN DE SERIE
Mención de serie Labor, sección IX, economía
500 ## - NOTA GENERAL
Nota general Incluye índice alfabético.
500 ## - NOTA GENERAL
Nota general Incluye notas al pie de las páginas.
650 #4 - PUNTO DE ACCESO ADICIONAL DE MATERIA--TÉRMINO DE MATERIA
-- HACIENDA PÚBLICA
650 #0 - PUNTO DE ACCESO ADICIONAL DE MATERIA--TÉRMINO DE MATERIA
Término de materia o nombre geográfico como elemento de entrada Impuestos
9 (RLIN) 8380
700 1# - PUNTO DE ACCESO ADICIONAL--NOMBRE DE PERSONA
Nombre de persona Sancho Izquierdo, Miguel,
Término indicativo de función/relación tr.
9 (RLIN) 48490
700 1# - PUNTO DE ACCESO ADICIONAL--NOMBRE DE PERSONA
Nombre de persona Sánchez Sarto, Manuel,
Término indicativo de función/relación tr.
9 (RLIN) 33620
830 #0 - PUNTO DE ACCESO ADICIONAL DE SERIE-TÍTULO UNIFORME
Título uniforme Labor, sección IX, economía
9 (RLIN) 48491
Existencias
Estado de retiro Estado de pérdida Restricciones de uso No para préstamo Código de colección Localización permanente Ubicación/localización actual Ubicación en estantería Fecha de adquisición Número de inventario Total de préstamos Signatura topográfica completa Código de barras Fecha visto por última vez Precio válido a partir de Tipo de ítem Koha
        Monografías: Libros y Folletos General General En catalogación 10.12.2010 LF1   V217h, 1929 23525-10 25.06.2020 25.06.2020 Préstamo en sala

Con tecnología Koha